000
00316nam a22001097a 4500
999
_c
65028
_d
65025
082
_a
297.922
100
_a
ڈاکٹر نور محمد غفاری
245
_a
نبی کریم ص کی معاشی زندگی
260
_a
اردو نگر ملتان
_b
عتیق پبلشنگ ہاؤس
_c
1993
300
_a
405
942
_c
BK